| 000 | 00544nam a2200205Ia 4500 | ||
|---|---|---|---|
| 008 | 170918s9999 xx 000 0 und d | ||
| 020 | _a9781455516186 | ||
| 050 | _bL972ro 2012 | ||
| 100 | _aLustbader, Eric Van | ||
| 245 | _aRobert Ludlum's the bourne imperative : | ||
| 245 | _ba new Jason Bourne novel / | ||
| 245 | _cby Eric Van Lustbader. | ||
| 250 | _aFirst edition | ||
| 260 | _aNew York : | ||
| 260 | _bGrand Central Publishing, | ||
| 260 | _c2012 | ||
| 300 | _a435 pages : | ||
| 300 | _billustrations ; | ||
| 300 | _c22cm. | ||
| 999 |
_c343613 _d343613 |
||